Analýza elektronických služieb vo verejnej správe diplomová práca

Salvato in:
Dettagli Bibliografici
Autore principale: Rotterová, Gabriela
Ente Autore: Fakulta hospodárskej informatiky EU. Katedra aplikovanej informatiky
Altri autori: Grell, Michal
Natura: Libro
Lingua:slovacco
Pubblicazione: Bratislava 2012
Tags: Aggiungi Tag
Nessun Tag, puoi essere il primo ad aggiungerne!!

MARC

LEADER 00000nbm a2200000 4500
001 0154971
005 20161109102157.5
041 0 |a slo 
044 |a SK 
245 1 0 |a Analýza elektronických služieb vo verejnej správe  |b diplomová práca  |c Gabriela Rotterová ; školiteľ: Michal Grell 
264 1 |a Bratislava  |c 2012 
300 |a 66 s. 
100 1 |a Rotterová, Gabriela 
700 1 |a Grell, Michal 
710 2 |a Fakulta hospodárskej informatiky EU. Katedra aplikovanej informatiky